000 01323cad a22002535a 4500
001 L154822
008 120120s2010 xxk f 000 0 eng d
035 _a(Sirsi) u154822
041 0 _aeng
110 2 _aOlympic Delivery Authority
_95117
245 0 0 _aDesign and construction
_bhealth, safety and environment standard, March 2010
_h[electronic resource]
250 _a4th ed., second revision
260 _aLondon
_bODA
_c2010
505 2 _aIntroduction -- Management of arrangements -- Pre-qualification and tendering guidance -- Design -- Construction site risk management -- Construction site management of HSandE -- Transport
520 _aThe Olympic Delivery Authority (ODA) will create the Olympic Park and venues for the London 2012 Olympic Games and Paralympic Games. This is a detailed examination of the policy and standards that ODA health, safety and environmental management requires for all staff, accountable directors, stakeholders and suppliers.
590 _aKA
650 2 4 _aOLYMPIC GAMES 2012
651 4 _aUnited Kingdom
_y
690 _aConstruction management
_96230
690 _aProject management
_96261
690 _aHealth and safety
_96244
856 4 0 _uhttps://www.london2012.com/documents/oda-publications/hse-standard.pdf
_zView the document at www.london2012.com
942 _n0
999 _c113180
_d113180